000 01103namaa2200301 i 4500
003 EG-GICUC
005 20260202150725.0
008 260202s2017 ua |||jr|||| 000 p ara d
017 _a2016 / 22898
_bدار الكتب والوثائق القومية (مصر)
020 _a9789779110103
040 _aEG-GiCUC
_bara
_cEG-GiCUC
_dEG-GiCUC
_erda
082 0 4 _221
_a811.009
_bU849t
092 0 4 _221
_a811.009
_bU849t
099 _a811.009 U849t
100 1 _aعصفور، جابر
_eمؤلف.
245 1 _a‏تحولات شعرية /
_c‏جابر عصفور.
264 _aالقاهرة (مصر) :
_bالهيئة المصرية العامة للكتاب،
_c2016.
300 _a402 صفحة ؛
_c24 سم
336 _2rdacontent
_atext
337 _2rdamedia
_aUnmediated
338 _2rdacarrier
_avolume
504 _aيشتمل على ارجاعات ببليوجرافية.
541 _aد. جابر عصفور ؛
_bالقاهرة ؛
_cإهداء ؛
_d2024.
650 1 7 _aالشعر العربى
_xتاريخ ونقد
_2qrmak
651 1 _2qrmak
905 _aAya
942 _2ddc
_cBK
_e21
_n0
999 _c178120
_d178120